000 01250nam0a22002531 4500
001 rc\200037
005 20030307113943.9
035 _a(NLR Aleph) 005453471
090 _a4882082
_c4882082
100 _a20030307d1995 u |0rusy50 ca
101 0 _arus
102 _aRU
105 _ay |||||||||
200 1 _aТерриториальные социальные службы: теория и практика функционирования
_e[Сб. ст.]
_fМ-во социал. защиты населения Рос. Федерации. Департамент пробл. семьи, женщин и детей и др.
_g[Сост. и отв. за вып. Корняк В.Б. и др.]
210 _aМ.
_cБ. и.
_d1995
215 _a223 с.
_d20
300 _aВ надзаг. также: Врем. н.-и. коллектив "Террит. социал. службы", Ассоц. работников социал. служб
702 1 _aКорняк
_bВ. Б.
_4220
712 0 1 _aРоссийская Федерация
_bДепартамент проблем семьи, женщин и детей
_3RU\NLR\AUTH\889921338
801 0 _aRU
_bNLR
_gpsbo
801 1 _aRU
_bELAR
_2rusmarc
852 _aNLR
_j96-3/2038
942 _cBOOK
980 _aNB